Analiza źródeł przychodów społeczeństwa polskiego w latach 1996-2000 / (Rekord nr 10398)
| 000 -ETYKIETA REKORDU | |
|---|---|
| podpole kontrolne o stałej długości | 00791naa a22001577i 4500 |
| 001 - NUMER KONTROLNY REKORDU | |
| podpole kontrolne | 10398 |
| 003 - IDENTYFIKATOR NUMERU KONTROLNEGO REKORDU | |
| podpole kontrolne | KOSZ 005 |
| 005 - DATA OSTATNIEJ MODYFIKACJI REKORDU | |
| podpole kontrolne | 20180421101307.0 |
| 008 - POLE O STAŁEJ DŁUGOŚCI - DANE KONTROLNE | |
| podpole kontrolne o stałej długości | 180421s2003 pl |||f| ||||0|| 0 pol |
| 040 ## - ŹRÓDŁO KATALOGOWANIA | |
| Instytucja, która utworzyła rekord | KOSZ 005/HR |
| Instytucja, która sporządziła opis | KOSZ 005/HR |
| 041 0# - KOD JĘZYKA | |
| Kod języka tekstu | pol |
| 100 ## - NAZWA OSOBOWA | |
| Nazwa osobowa | DELUGA, Włodzimierz. |
| Lata pracy | 1993 - . |
| Instytucja | Politechnika Koszalińska - Wydział Ekonomii i Zarządzania, |
| Wydział | Katedra Marketingu i Badań Rynkowych |
| 245 ## - TYTUŁ/ODPOWIEDZIALNOŚĆ | |
| Tytuł | Analiza źródeł przychodów społeczeństwa polskiego w latach 1996-2000 / |
| Pozostałe elementy strefy tytułu i oznaczenia odpowiedzialności | Włodzimierz Deluga, Jarosław Żuchowski. |
| 773 0# - TYTUŁ DOKUMENTU MACIERZYSTEGO | |
| Wyrażenie wprowadzające | W : |
| Tytuł | Formy finansowego wspomagania lokalnej przedsiębiorczości : praca zbiorowa / pod red. Jana Sobiecha i Danuty Zawadzkiej. - |
| Adres wydawniczy | Koszalin : Wydaw. Uczelniane Politechniki Koszalińskiej, 2003. - |
| Informacje dotyczące relacji | s. 25-31 |
| ISBN | 8373650474 |
| 942 ## - HASŁO DODATKOWE - ELEMENTY(KOHA) | |
| Typ dokumentu | Rozdział |
| Schemat klasyfikacji | Uniwersalna klasyfikacja dziesiętna |
Brak dostępnych egzemplarzy.
